000 00660cam a22002411 4500
001 sa 68003959
003 DLC
005 20260227112458.0
008 930301s1964 ii 000 0 urdo
010 _asa 68003959
020 _cRs6.00
035 _a(OCoLC)28001107
040 _aDLC
_cICU
_dWU
_dDLC
042 _apremarc
050 0 0 _aBJ1588.U7
_bD5
100 1 _aDil, Anwar S.
245 1 0 _aKāmyāb zindagi kā taṣavvur /
_cmūʼallif, Anvar Dil ; Muʻāvin : Shamīm Yūnis.
260 _aLāhaur :
_bMakatabah-yi Jadīd,
_c1964.
300 _a296 p.
_c19 cm.
500 _aIn Urdu.
650 0 _aConduct of life.
700 1 _aYūnis, Shamīm.
999 _c79878
_d79878